000 00230nam a22000857a 4500
008 160711b xxu||||| |||| 00| 0 eng d
100 _92565
_a Caspar, F
245 _aOscar: The Dachshund
260 _aNew York
_b Franklin Watts.Inc.
_c1962
999 _c2231
_d2231